| 000 | 00440cam a2200181ua 4500 | ||
|---|---|---|---|
| 020 | _c0.75 | ||
| 041 |
_ahin _h |
||
| 082 |
_a891.43 _bJAG/KA |
||
| 100 | _aJagadeesh Deekshit, Anand . | ||
| 245 |
_aKalidas ke kavye / _cJagadeesh Deekshit Anand. _hTextual Documents |
||
| 250 |
_a1 / _b. |
||
| 260 |
_a : _bRajpal and Sanch , _c1959. |
||
| 300 | _a87 ; . | ||
| 365 | _a0.75 | ||
| 504 | _a | ||
| 942 | _cBK | ||
| 999 |
_c11926 _d11926 |
||